LEADER 00856nam a2200205 i 4500 001 000000258196 003 CaOOAMICUS 005 20241203145828.0 008 180418s1820 it u000 u ita u 013 $a237104 026 $aciue l.la nat, node (3) 1826 (R) 040 $aSeMil$bita 245 10$aVol. 1. 300 $aXII, 404 p. 500 $aContiene l'opera di Velleio Patercolo e i primi tre libri dell'opera di Valerio Massimo. 773 0 $aVelleius Paterculus, Caius $tVelleio Patercolo Istoria romana. Valerio Massimo, Detti e fatti memorabili.$dMilano : Per Nicoḷ Bettoni, 1826.$kBiblioteca storica di tutte le nazioni$g1$w()19307 850 $aSeMil 852 $aSeMil$W1$xVenegono$y1$m3V IV 3 FA$j208542$B208542$CSeMilBibl$Z2$F222191 $8I 996 $6245$aVol. 1$9(OLS)http://semarc/title/13429 LEADER 01784nam a2200289 i 4500 001 000000027808 003 CaOOAMICUS 005 20250318123139.0 008 180830s1892 it u000 u lat u 040 $aSeMil$bita 100 1 $aBallerini, Antonio,$d<1805-1881>.$0(OLS)http://semarc/name/7388 245 10$aAntonii Ballerini Opus theologicum morale in Busembaum Medullam /$cabsolvit et edidit Dominicus Palmieri. 250 $aEditio secunda in nonnullis aucta et emendata. 260 $aPrati :$bGiachetti,$c1892. 300 $a8 v. ;$c25 cm. 650 4$aTeologia morale - Manuali.$0(OLS)http://semarc/subject/610 700 1 $aPalmieri, Domenico,$c.$0(OLS)http://semarc/name/12570 774 0 $tTractatus continens generales De actibus humanis, De conscientia, De legibus, De peccatis cum duabus appendicibus.$g1$w()49708 774 0 $tTractatus continens De praeceptis virtutum theologicarum de praeceptis decalogi (excepto 7.) de (quibusdam) ecclesiae praeceptis.$g2$w()217576 774 0 $tTractatum 8. continens De iustitia et iure.$g3$w()217577 774 0 $tContinens Tractatum 9. De praeceptis particolaribus et Tractatum 10. Ex parte H. E. de sacramentis in genere, de baptismo, confirmatione, eucharistia.$g4$w()217578 774 0 $tSacramento poenitentiae, de extrema unctione, de ordine cum appendice.$g5$w()217575 774 0 $tContinens ex tractatu 10. sectionem 8. De matrimonio.$g6$w()217580 774 0 $tContinens Tractatum 11. De censuris et irregularitatibus cum Indice auctorum et totius operis indice analytico.$g7$w()217579 996 $6245$aAntonii Ballerini Opus theologicum morale in Busembaum Medullam$9(OLS)http://semarc/title/37674 996 $6260$aPrati :$bGiachetti$9(OLS)http://semarc/publisher/37464